000 00648nam a2200277Ia 4500
005 20260324142255.0
008 008 260324s9999 xx 000 0 eng d
020 _a9781003575870
037 _aEBOOK
040 _aCRL
040 _beng
040 _cCRL
041 _2eng
041 _aeng
084 _qCRL
100 _aEugeniusz Tyrkiel
_91211349
245 2 _aA Guide to Surface Engineering Terminology
260 _bTaylor and Francis
260 _c1995
365 _a
365 _b160
856 _uhttp://www.taylorfrancis.com/books/9781003575870
942 _cEBOOK
999 _c1815314
_d1815314